00393nam a2200145 a 45000010005000000030009000050080041000140400028000550820016000831000023000992450033001222600048001553000014002036500030002171793CO-ViMGA141112s2004 ck r 000 u spa d aCO-ViMGAbspacCO-ViMGA a927.5 G183m1 aMannering, Douglas10aLa vida y obras de P Sanguin aBuenos Aires : bLibrería tecnica, c1997 a79 p : il14aGAUGUIN, PAUL 1848 - 1903